[Event "Detroit (Class C/5/3)"]
[Site "?"]
[Date "1994.??.??"]
[Round "?"]
[White "Kling, G."]
[Black "Alliston, Richard"]
[Result "0-1"]
[WhiteElo "1605"]
[BlackElo "1605"]
[PlyCount "82"]
[EventDate "1994.??.??"]

{5/(3)} 1. f4 d5 2. b3 e6 3. Nf3 Nf6 4. e3 Bd6 5. Bb2 Nc6 6. Bb5 Bd7 7. Bxc6
Bxc6 8. Ne5 Bb5 9. d3 Bc5 10. Qf3 Qe7 11. Nd2 Bb4 12. a3 Bxd2+ 13. Kxd2 O-O-O
14. Rhc1 Rhg8 15. a4 Ba6 16. Ba3 Qe8 17. Bb2 Nd7 18. a5 Nxe5 19. fxe5 Bb5 20.
Bd4 a6 21. c4 dxc4 22. bxc4 Bc6 23. Qe2 Qe7 24. Rcb1 f6 25. Rb3 fxe5 26. Bxe5
Qg5 27. Bg3 h5 28. Qe1 Qf6 29. Bf4 g5 30. Bg3 Rgf8 31. h4 g4 32. Kc2 Bxg2 33.
e4 Qf3 34. Rab1 Bf1 35. d4 Qg2+ 36. Kc3 Rf3+ 37. Kb4 Rxb3+ 38. Rxb3 Rxd4 39.
Ka3 Rxe4 40. Rxb7 Kxb7 41. Qb1+ Kc8 0-1

[Event "Grand Rapids (MI Am/3/26)"]
[Site "?"]
[Date "1994.??.??"]
[Round "?"]
[White "Klein, N."]
[Black "Spencer, Gordon"]
[Result "0-1"]
[WhiteElo "1605"]
[BlackElo "1605"]
[PlyCount "118"]
[EventDate "1994.??.??"]

{3/(26)} 1. e4 c5 2. Nf3 e6 3. Bc4 d6 4. Nc3 Nf6 5. d3 Be7 6. O-O O-O 7. e5
dxe5 8. Nxe5 Nbd7 9. d4 a6 10. Bg5 Qc7 11. Bxf6 Bxf6 12. Nxd7 Bxd7 13. d5 Bxc3
14. bxc3 b5 15. Bd3 c4 16. Be4 Rad8 17. dxe6 Bxe6 18. Qh5 g6 19. Qh4 f5 20. Qh3
Qb6 21. Bf3 Rd2 22. Qh4 Bd5 23. Bxd5+ Rxd5 24. Rad1 Rfd8 25. Rde1 Qd6 26. Re7
h5 27. Ra7 Rd1 28. g3 Qc6 29. Qe7 Rxf1+ 30. Kxf1 Qh1+ 31. Ke2 Qd1+ 32. Ke3 Qe1+
33. Kf3 Qxe7 34. Rxe7 Kf8 35. Re6 Rd2 36. Rxa6 Rxc2 37. Ra8+ Kf7 38. Ra7+ Kf6
39. Kf4 g5+ 40. Ke3 Rxc3+ 41. Kd2 Rd3+ 42. Kc2 Rf3 43. a4 Rxf2+ 44. Kc3 bxa4
45. Rxa4 Rxh2 46. Rxc4 Rh3 47. Kd4 g4 48. Rc6+ Kg5 49. Ke5 Rxg3 50. Re6 Re3+
51. Kd6 Rxe6+ 52. Kxe6 h4 53. Ke5 h3 54. Kd4 h2 55. Ke3 h1=Q 56. Kf2 Qh2+ 57.
Kf1 g3 58. Ke1 f4 59. Kf1 Qf2# 0-1

[Event "Grand Rapids (MI Am/4/32)"]
[Site "?"]
[Date "1994.??.??"]
[Round "?"]
[White "Klein, N."]
[Black "Phalen, Michael"]
[Result "0-1"]
[WhiteElo "1605"]
[BlackElo "1605"]
[PlyCount "88"]
[EventDate "1994.??.??"]

{4/(32)} 1. e4 e5 2. Nf3 Nf6 3. Bc4 Nxe4 4. d3 Nf6 5. Ng5 d5 6. Bb3 Bc5 7. h3
O-O 8. O-O Bf5 9. Qf3 Qd7 10. Nc3 h6 11. Nxd5 hxg5 12. Bxg5 Nxd5 13. Bxd5 c6
14. Be4 Bxe4 15. dxe4 Be7 16. Rad1 Qe6 17. Bxe7 Qxe7 18. Qg3 c5 19. Rd5 Nc6 20.
h4 Rad8 21. Rxd8 Rxd8 22. h5 Nd4 23. Re1 Qf6 24. c3 Ne6 25. b4 cxb4 26. cxb4
Qf4 27. Qxf4 Nxf4 28. Rc1 Ne2+ 29. Kh2 Nxc1 30. g4 Rd2 31. Kg3 Nxa2 32. f4 Rd3+
33. Kh4 exf4 34. g5 Nxb4 35. h6 gxh6 36. gxh6 Kh7 37. Kg5 f3 38. e5 Nc6 39. Kf6
Nxe5 40. Kxe5 f2 41. Ke4 f1=Q 42. Ke5 Qe1+ 43. Kf4 Rf3+ 44. Kg4 Qg3+ 0-1

[Event "Gaylord (NMO/4/19)"]
[Site "?"]
[Date "1994.??.??"]
[Round "?"]
[White "Klein, M."]
[Black "Schlak, G."]
[Result "1-0"]
[WhiteElo "1605"]
[BlackElo "1605"]
[PlyCount "71"]
[EventDate "1994.??.??"]

{4/(19)} 1. e4 e5 2. Bc4 Nc6 3. d3 Bb4+ 4. c3 Ba5 5. Na3 b5 6. Nxb5 Ba6 7. Na3
Bxc4 8. Nxc4 Qe7 9. Nxa5 Nxa5 10. d4 exd4 11. Qxd4 Nf6 12. f3 O-O 13. Bf4 Nc6
14. Qa4 Rfc8 15. Qa6 Nb8 16. Qb7 Nc6 17. Bxc7 Rxc7 18. Qxa8+ Qd8 19. Qxd8+ Nxd8
20. O-O-O Nc6 21. Ne2 Rb7 22. Nd4 Na5 23. Nf5 Kh8 24. Nd6 Rb6 25. Nc4 Nxc4 26.
Kc2 Rxb2+ 27. Kd3 Na3 28. Rd2 Rb3 29. axb3 Nh5 30. Rhd1 Nf4+ 31. Ke3 Ne6 32.
Rxd7 Nf8 33. Rd8 Kg8 34. Re8 Nb5 35. Rdd8 Nc7 36. Rxf8# 1-0

[Event "Gaylord (NMO/2/19)"]
[Site "?"]
[Date "1994.??.??"]
[Round "?"]
[White "Klein, M."]
[Black "Priebe, Raymond"]
[Result "0-1"]
[WhiteElo "1605"]
[BlackElo "1605"]
[PlyCount "84"]
[EventDate "1994.??.??"]

{2/(19)} 1. e4 e5 2. Bc4 Nf6 3. d3 d5 4. Nf3 dxc4 5. dxc4 Qxd1+ 6. Kxd1 Nxe4 7.
Re1 Nxf2+ 8. Ke2 Bc5 9. Nxe5 O-O 10. Nc3 Re8 11. Bf4 f6 12. Na4 fxe5 13. Bg3
Bg4+ 14. Kd2 Nd7 15. Nxc5 Nxc5 16. Bxf2 Rad8+ 17. Kc3 Na4+ 18. Kb4 Nxb2 19.
Rab1 Rd2 20. h3 Rxf2 21. hxg4 Rxc2 22. Kb3 Rxg2 23. Rf1 Nd3 24. Rf5 Rxg4 25.
Rbf1 c6 26. Rf7 e4 27. Kc3 Ne1 28. Rxb7 Rg3+ 29. Kb4 Nc2+ 30. Kc5 e3 31. Rc1 e2
32. a4 e1=Q 33. Rxe1 Nxe1 34. Rxa7 Re6 35. a5 Rg5+ 36. Kb6 c5+ 37. Kb5 Nd3 38.
Ra8+ Kf7 39. Rb8 Nb4 40. Rc8 Na6 41. Ra8 Nc7+ 42. Ka4 Nxa8 0-1

[Event "Gaylord (NMO/5/18)"]
[Site "?"]
[Date "1994.??.??"]
[Round "?"]
[White "Klein, M."]
[Black "King, Billy"]
[Result "0-1"]
[WhiteElo "1605"]
[BlackElo "1605"]
[PlyCount "70"]
[EventDate "1994.??.??"]

{5/(18)} 1. e4 e5 2. Bc4 Nf6 3. d3 Nc6 4. Bg5 Bb4+ 5. Nc3 h6 6. Bh4 d6 7. f3
Nd4 8. a3 Ba5 9. Nge2 c5 10. O-O Qd7 11. Rb1 Nxf3+ 12. Rxf3 Qg4 13. Rh3 O-O 14.
b4 cxb4 15. axb4 Bb6+ 16. Kf1 Bd8 17. Bf2 a5 18. Ra1 Be6 19. Ra4 Rc8 20. b5 Rc5
21. Bxc5 dxc5 22. Qe1 Nh5 23. Nd5 f5 24. Rf3 Bh4 25. Qa1 Nf4 26. Nexf4 fxe4 27.
h3 Qg5 28. Nxe6 Rxf3+ 29. gxf3 Qg3 30. Ne7+ Kf7 31. Qe1 Qxh3+ 32. Ke2 exf3+ 33.
Kd1 f2 34. Ng5+ Kf6 35. Nxh3 fxe1=Q# 0-1

[Event "Detroit (MEX/4/8)"]
[Site "?"]
[Date "1994.??.??"]
[Round "?"]
[White "Kitts, Gary"]
[Black "Vandivier, Don"]
[Result "0-1"]
[WhiteElo "2060"]
[BlackElo "2075"]
[PlyCount "68"]
[EventDate "1994.??.??"]

{4/(8)} 1. e4 c5 2. Nf3 d6 3. Bd3 g6 4. c3 Bg7 5. Bc2 Nc6 6. O-O Bg4 7. h3 Bxf3
8. Qxf3 Nf6 9. d3 O-O 10. Qe2 b5 11. Be3 b4 12. f4 Qc7 13. Rc1 Rab8 14. Nd2 Nh5
15. Bb3 bxc3 16. bxc3 Na5 17. Rab1 e6 18. d4 Bh6 19. f5 Bxe3+ 20. Qxe3 exf5 21.
exf5 Nxb3 22. Nxb3 Rfe8 23. Qf3 c4 24. Nd2 Rxb1 25. Rxb1 d5 26. Qxd5 Nf4 27.
Qf3 Re2 28. Rb7 Nxh3+ 29. gxh3 Qh2+ 30. Kf1 Rxd2 31. Rxa7 Rc2 32. Ra8+ Kg7 33.
f6+ Kh6 34. Qe3+ g5 0-1

[Event "Detroit (MEX/3/10)"]
[Site "?"]
[Date "1994.??.??"]
[Round "?"]
[White "Kitts, Gary"]
[Black "Brooks, John"]
[Result "0-1"]
[WhiteElo "2060"]
[BlackElo "2245"]
[PlyCount "72"]
[EventDate "1994.??.??"]

{3/(10)} 1. e4 c5 2. Nf3 e6 3. Nc3 a6 4. a4 d5 5. exd5 exd5 6. d4 c4 7. g3 Bb4
8. Bg2 Qa5 9. O-O Ne7 10. Bd2 Nbc6 11. Ne2 Bg4 12. c3 Bd6 13. Bf4 Qc7 14. Qd2
Rd8 15. Rfe1 O-O 16. Bxd6 Qxd6 17. Nf4 Na5 18. Qe3 Nf5 19. Qe5 Nb3 20. Qxd6
Nxd6 21. Rad1 Nc8 22. Re5 Nb6 23. h3 Bc8 24. Nh4 f6 25. Re7 g5 26. Ne6 Rfe8 27.
Rxe8+ Rxe8 28. Nc7 Rd8 29. Nf3 Rd7 30. Ne8 Kf7 31. Re1 Nxa4 32. h4 h6 33. hxg5
hxg5 34. Nh2 Rd8 35. Nc7 Nb6 36. Ng4 Bxg4 0-1

[Event "Detroit (MCO/Ch/5/6)"]
[Site "?"]
[Date "1994.??.??"]
[Round "?"]
[White "Kitsis, S."]
[Black "Livschitz, Victoria"]
[Result "1-0"]
[WhiteElo "2205"]
[BlackElo "2400"]
[PlyCount "67"]
[EventDate "1994.??.??"]

{5/(6)} 1. e4 e5 2. Nf3 Nc6 3. Bc4 Bc5 4. O-O Nf6 5. d3 d6 6. c3 Bg4 7. Nbd2 a6
8. Bb3 O-O 9. Re1 d5 10. exd5 Nxd5 11. Ne4 Be7 12. h3 Bxf3 13. Qxf3 Nf6 14. Rd1
Na5 15. Bc2 c5 16. Qg3 Qc7 17. Nxf6+ Bxf6 18. Re1 Qd6 19. Re4 Rfd8 20. Be3 b5
21. Re1 Nc6 22. f4 Re8 23. Qf2 Be7 24. fxe5 Nxe5 25. Bf4 f6 26. d4 cxd4 27.
cxd4 Qc6 28. dxe5 fxe5 29. Rxe5 Bf6 30. Bb3+ Kh8 31. Rxe8+ Rxe8 32. Rxe8+ Qxe8
33. Qe3 Qd8 34. Qd2 1-0

[Event "Detroit (MCO/Ch/1a/1)"]
[Site "?"]
[Date "1994.??.??"]
[Round "?"]
[White "Kitsis, S."]
[Black "Finegold, Ben"]
[Result "0-1"]
[WhiteElo "2205"]
[BlackElo "2620"]
[PlyCount "86"]
[EventDate "1994.??.??"]

1. d4 d5 2. Nf3 Nf6 3. Bg5 Ne4 4. Bh4 c5 5. e3 Nc6 6. Nbd2 Qb6 7. Nxe4 dxe4 8.
dxc5 Qxb2 9. Nd2 Qc3 10. Rb1 Qxc5 11. Nxe4 Qa5+ 12. Nd2 e5 13. Rb5 Qa4 14. Bg3
Bb4 15. c3 Qxd1+ 16. Kxd1 Bxc3 17. Ne4 Bb4 18. Bxe5 Bg4+ 19. f3 O-O-O+ 20. Kc1
Rhe8 21. Rxb4 Rxe5 22. Rb5 Bf5 23. Ng3 Be6 24. Rxe5 Nxe5 25. Kb1 Rd1+ 26. Kc2
Ra1 27. Bc4 Bf5+ 28. e4 Rxh1 29. Nxh1 Bxe4+ 30. fxe4 Nxc4 31. Ng3 g6 32. Kd3
Ne5+ 33. Kd4 f6 34. Ne2 Kd7 35. Nf4 Kd6 36. a3 Nc6+ 37. Ke3 b5 38. Nd5 Ke5 39.
Nb4 Nxb4 40. axb4 g5 41. Kd3 Kd6 42. Kd4 Kc6 43. g4 Kb6 0-1

[Event "Detroit (MCO/Ch/4/5)"]
[Site "?"]
[Date "1994.??.??"]
[Round "?"]
[White "Kitsis, S."]
[Black "Brooks, John"]
[Result "0-1"]
[WhiteElo "2205"]
[BlackElo "2225"]
[PlyCount "70"]
[EventDate "1994.??.??"]

{4/(5)} 1. e4 c5 2. Nf3 e6 3. d4 cxd4 4. Nxd4 Nf6 5. Nc3 Bb4 6. e5 Nd5 7. Ndb5
O-O 8. Qg4 f5 9. Qh3 a6 10. Nd6 Nxc3 11. bxc3 Qa5 12. cxb4 Qxe5+ 13. Qe3 Qxa1
14. Bc4 b5 15. Bb3 Qf6 16. O-O Nc6 17. Rd1 f4 18. Qe4 Kh8 19. f3 Ra7 20. Kf2
Rc7 21. g3 g5 22. Nxc8 d5 23. Qe2 Rfxc8 24. a3 Rf8 25. Rd3 Ne5 26. Bb2 Nxd3+
27. cxd3 d4 28. Qe4 fxg3+ 29. hxg3 e5 30. Kg2 Qf5 31. Qe2 Rd8 32. Ba2 h5 33.
Bb3 g4 34. f4 exf4 35. Bxd4+ Kh7 0-1

[Event "Gaylord (NMO/1/20)"]
[Site "?"]
[Date "1994.??.??"]
[Round "?"]
[White "King, Billy"]
[Black "Vangilder, W."]
[Result "0-1"]
[WhiteElo "1605"]
[BlackElo "1605"]
[PlyCount "80"]
[EventDate "1994.??.??"]

{1/(20)} 1. e4 Nc6 2. Nf3 d6 3. Nc3 Bg4 4. Be2 e6 5. d4 Nf6 6. Bg5 Be7 7. d5
Nb8 8. h3 Bh5 9. e5 dxe5 10. Nxe5 Bxe2 11. Qxe2 Nxd5 12. Rd1 Bxg5 13. Qh5 Qf6
14. Nf3 Nxc3 15. Qxg5 Qxg5 16. Nxg5 Nxd1 17. Kxd1 O-O 18. Ne4 Nc6 19. c3 b6 20.
Ke2 Rad8 21. Kf3 Ne5+ 22. Ke3 Rd3+ 23. Kf4 f6 24. f3 Rfd8 25. Nf2 Rd2 26. Kg3
Rxb2 27. f4 Nd3 28. Rd1 Rxf2 29. Kh2 Rxg2+ 30. Kxg2 Nxf4+ 31. Kf3 Rxd1 32. Kxf4
Rd3 33. Kg4 Rxc3 34. a4 c5 35. Kh5 Rd3 36. a5 c4 37. axb6 axb6 38. h4 c3 39.
Kg4 c2 40. Kf4 c1=Q+ 0-1

[Event "Gaylord (NMO/4/17)"]
[Site "?"]
[Date "1994.??.??"]
[Round "?"]
[White "King, Billy"]
[Black "Smalec, Joseph"]
[Result "0-1"]
[WhiteElo "1605"]
[BlackElo "1605"]
[PlyCount "47"]
[EventDate "1994.??.??"]

{4/(17)} 1. e4 e5 2. Nf3 Nf6 3. Nxe5 Qe7 4. d4 Qb4+ 5. Nc3 Bd6 6. Nd3 Qxd4 7.
Be3 Qc4 8. e5 Bb4 9. exf6 Bxc3+ 10. bxc3 Qxc3+ 11. Bd2 Qxf6 12. Nc5 Qe5+ 13.
Be3 d6 14. Bb5+ c6 15. Bc4 dxc5 16. O-O O-O 17. Bb3 Be6 18. Qf3 Bxb3 19. axb3
Nd7 20. Rfd1 Rfd8 21. Qg3 Qxg3 22. hxg3 Ne5 23. Rdc1 b6 24. Re1 {[Remainder
illegible; 0-1, 44?]} 0-1

[Event "Detroit (MCO/DEU/4/21)"]
[Site "?"]
[Date "1994.??.??"]
[Round "?"]
[White "Kimura, Daniel"]
[Black "Witz, B."]
[Result "1/2-1/2"]
[WhiteElo "1605"]
[BlackElo "1605"]
[PlyCount "48"]
[EventDate "1994.??.??"]

{4/(21)} 1. e4 e5 2. Nf3 Nc6 3. Bb5 Bc5 4. Nc3 Nf6 5. d3 Nd4 6. Be3 c6 7. Bc4
d5 8. Bb3 Nxc2+ 9. Qxc2 d4 10. Ng5 O-O 11. Na4 dxe3 12. Nxc5 Qd4 13. O-O exf2+
14. Rxf2 Ng4 15. Bxf7+ Kh8 16. Nge6 Bxe6 17. Nxe6 Qxf2+ 18. Qxf2 Nxf2 19. Nxf8
Rxf8 20. Kxf2 Rxf7+ 21. Kg1 Rd7 22. Rf1 Kg8 23. Rd1 c5 24. Kf2 c4 1/2-1/2

[Event "Detroit (MCO/DEU/6/18)"]
[Site "?"]
[Date "1994.??.??"]
[Round "?"]
[White "Kimura, Daniel"]
[Black "Nolan, Dan"]
[Result "1-0"]
[WhiteElo "1605"]
[BlackElo "1605"]
[PlyCount "65"]
[EventDate "1994.??.??"]

{6/(18)} 1. e4 c5 2. Nc3 Nf6 3. Bc4 e6 4. e5 Nd5 5. Nxd5 Nc6 6. Nc3 Nxe5 7. d3
Nxc4 8. dxc4 Be7 9. Bf4 O-O 10. Nb5 d5 11. Nc7 Rb8 12. Nxe6 Bxe6 13. Bxb8 Qxb8
14. cxd5 Bd7 15. Nf3 Bg4 16. Qd3 Bxf3 17. Qxf3 Re8 18. O-O-O Bd6 19. Rhe1 Bf4+
20. Kb1 Rxe1 21. Rxe1 g6 22. Rd1 Bxh2 23. g3 Qc7 24. d6 Qd7 25. Qg2 Qe6 26.
Qxh2 Qe2 27. Rh1 Qh5 28. Qxh5 gxh5 29. d7 Kg7 30. d8=Q b5 31. Rxh5 c4 32. Rg5+
Kh6 33. Qf6# 1-0

[Event "Detroit (MCO/DEU/2a/13)"]
[Site "?"]
[Date "1994.??.??"]
[Round "?"]
[White "Kimura, Daniel"]
[Black "Andreas, L."]
[Result "0-1"]
[WhiteElo "1605"]
[BlackElo "1605"]
[PlyCount "88"]
[EventDate "1994.??.??"]

1. e4 c5 2. Nc3 Nc6 3. Nf3 e6 4. Bc4 a6 5. a4 d6 6. d3 Nf6 7. Bg5 Be7 8. Bxf6
Bxf6 9. O-O Nb4 10. d4 b6 11. e5 Be7 12. d5 Bb7 13. dxe6 fxe6 14. Bxe6 Bxf3 15.
Qxf3 Rf8 16. Qh5+ g6 17. Qxh7 Qc7 18. Qxg6+ Kd8 19. Qg7 Qc6 20. Rad1 d5 21.
Nxd5 Qxe6 22. Nxe7+ Ke8 23. Rd6 Qxe7 24. Qg6+ Qf7 25. Re6+ Kd7 26. Rd1+ Kc7 27.
Rf6 Qxg6 28. Rxg6 Rad8 29. Re1 Nxc2 30. Rc1 Nd4 31. Rd1 Ne2+ 32. Kf1 Rxd1+ 33.
Kxe2 Rfd8 34. e6 R1d6 35. f4 Re8 36. f5 b5 37. f6 Rexe6+ 38. Kf1 Rxf6+ 39. Rxf6
Rxf6+ 40. Kg1 bxa4 41. g4 c4 42. h4 Rf4 43. Kg2 Rxg4+ 44. Kh3 Rxh4+ 0-1

[Event "Detroit (MCO/C/2b/4)"]
[Site "?"]
[Date "1994.??.??"]
[Round "?"]
[White "Kim, E."]
[Black "McFolley, John"]
[Result "0-1"]
[WhiteElo "1605"]
[BlackElo "1605"]
[PlyCount "49"]
[EventDate "1994.??.??"]

1. e4 e5 2. Nf3 Nc6 3. Bb5 d6 4. O-O Nf6 5. Re1 a6 6. Bxc6+ bxc6 7. c3 Be7 8.
h3 Nd7 9. d4 O-O 10. Nbd2 exd4 11. cxd4 c5 12. d5 Bb7 13. Nc4 Nb6 14. b3 f5 15.
Nxb6 cxb6 16. Bb2 fxe4 17. Rxe4 Rf5 18. Qe2 Bf6 19. Bxf6 Qxf6 20. Re8+ Kf7 21.
Re6 Qxa1+ 22. Ne1 Re5 23. Qf3+ Kg8 24. Rxe5 Qxe5 25. Nd3 {[Remainder illegible;
0-1, 37?]} 0-1

[Event "Warren (Warmup"]
[Site "?"]
[Date "1994.??.??"]
[Round "?"]
[White "Kim, E."]
[Black "Hartwig, Thomas"]
[Result "0-1"]
[WhiteElo "1605"]
[BlackElo "1605"]
[PlyCount "69"]
[EventDate "1994.??.??"]

1. d4 d5 2. c4 dxc4 3. Nc3 e5 4. d5 c6 5. dxc6 Nxc6 6. e4 Qxd1+ 7. Kxd1 Be6 8.
Be3 Bb4 9. Kc2 Bxc3 10. Kxc3 Rc8 11. Nf3 Nf6 12. Nd2 O-O 13. f3 a6 14. a4 Na5
15. Bb6 Nb3 16. Nxb3 cxb3+ 17. Kb4 Nd7 18. Be3 Rc2 19. Rb1 f5 20. Rg1 f4 21.
Bd3 fxe3 22. Bxc2 bxc2 23. Rbc1 Rc8 24. Rge1 Rc4+ 25. Ka3 Nb6 26. b3 Rc3 27.
Kb2 Rxb3+ 28. Kxc2 Nxa4 29. Rcd1 Rc3+ 30. Kb1 b5 31. Re2 Bc4 32. Rc2 Bd3 33.
Rdc1 Rxc2 34. Rxc2 Bxc2+ 35. Kxc2 0-1

[Event "Detroit (MCO/C/4/14)"]
[Site "?"]
[Date "1994.??.??"]
[Round "?"]
[White "Kim, E."]
[Black "Cutler, C."]
[Result "1/2-1/2"]
[WhiteElo "1605"]
[BlackElo "1605"]
[PlyCount "120"]
[EventDate "1994.??.??"]

{4/(14)} 1. d4 d5 2. c4 c5 3. Nf3 dxc4 4. Nc3 cxd4 5. Qxd4 Qc7 6. e4 e6 7. Bxc4
Nc6 8. Nb5 Bb4+ 9. Bd2 Bxd2+ 10. Qxd2 Qd8 11. Qxd8+ Kxd8 12. O-O-O+ Bd7 13. a3
Ke7 14. Nd6 Nf6 15. h3 Na5 16. Ba2 Ba4 17. Rd3 Rhd8 18. b3 Bb5 19. Rd2 Rxd6 20.
Rxd6 Rc8+ 21. Kb2 Kxd6 22. e5+ Ke7 23. exf6+ Kxf6 24. Re1 Nc6 25. Bb1 Ne7 26.
Bxh7 g6 27. Re5 Bc6 28. Bxg6 Nxg6 29. Rc5 Rd8 30. Nh2 Rd2+ 31. Kc3 Rxf2 32.
Ng4+ Ke7 33. Nxf2 Bxg2 34. Kd4 f5 35. Nd3 Kf6 36. Nf2 e5+ 37. Ke3 f4+ 38. Kd3
Kf5 39. Ng4 Bxh3 40. Nh2 Bg2 41. Ke2 Bc6 42. a4 a6 43. a5 Nh4 44. b4 Ke4 45.
Rc4+ Kf5 46. Rc3 f3+ 47. Kf2 e4 48. Rc5+ Kf4 49. Nf1 Nf5 50. Rc3 Nh6 51. Ne3
Ng4+ 52. Nxg4 Kxg4 53. Ke3 Kg3 54. Rc2 Kg4 55. Rd2 Kf5 56. Rb2 Bb5 57. Rd2 Bd3
58. Rh2 Kg4 59. Rh7 Kg3 60. Rf7 Kg2 1/2-1/2

[Event "Detroit (Class DE/2/17)"]
[Site "?"]
[Date "1994.??.??"]
[Round "?"]
[White "Kielb, M."]
[Black "Kyser, Bob"]
[Result "1-0"]
[WhiteElo "1605"]
[BlackElo "1605"]
[PlyCount "85"]
[EventDate "1994.??.??"]

{2/(17)} 1. e4 c5 2. Nf3 d6 3. d4 cxd4 4. Nxd4 Nf6 5. Nc3 a6 6. Bg5 e5 7. Nf3
Be7 8. Bc4 Qc7 9. Qd3 b5 10. Bb3 Nbd7 11. Nd5 Nxd5 12. Bxe7 Nxe7 13. Ng5 d5 14.
exd5 Nc5 15. Qf3 f6 16. Nf7 e4 17. Qc3 Nd3+ 18. cxd3 Qxc3+ 19. bxc3 Kxf7 20.
d6+ Be6 21. Bxe6+ Kxe6 22. dxe7 exd3 23. O-O-O Kxe7 24. Rhe1+ Kf7 25. Rxd3 Rhe8
26. Rd7+ Kf8 27. Kd2 Rad8 28. Rxe8+ Kxe8 29. Rxd8+ Kxd8 30. Kd3 Kd7 31. Kd4 Kd6
32. c4 b4 33. c5+ Kc6 34. f4 h5 35. g3 a5 36. h3 g6 37. g4 h4 38. Kc4 g5 39. f5
a4 40. Kxb4 a3 41. Kc4 Kd7 42. Kd5 Kc7 43. c6 1-0

[Event "Detroit (Class DE/4/7)"]
[Site "?"]
[Date "1994.??.??"]
[Round "?"]
[White "Kielb, M."]
[Black "Dowling, Ji"]
[Result "0-1"]
[WhiteElo "1605"]
[BlackElo "1605"]
[PlyCount "69"]
[EventDate "1994.??.??"]

{4/(7)} 1. e4 e5 2. Nf3 Nf6 3. d4 exd4 4. Qxd4 c5 5. Qe5+ Be7 6. Bc4 Nc6 7. Qg5
O-O 8. Qg3 h6 9. Bxh6 Nh5 10. Qg4 g6 11. Bxf7+ Kxf7 12. Bxf8 d6 13. Ng5+ Bxg5
14. Qf3+ Nf4 15. g3 Nd4 16. Qc3 Nfe2 17. Qd3 Nc1 18. Qd1 Bh3 19. c3 Kxf8 20.
cxd4 Qa5+ 21. Nc3 c4 22. f4 Nd3+ 23. Kd2 Bh6 24. Qf3 Bg7 25. g4 Bxd4 26. Qxh3
Kg7 27. Rhf1 Rh8 28. Qg3 Nxb2 29. Rae1 Nd3 30. f5 Qxc3+ 31. Ke2 Be5 32. Qe3
Rxh2+ 33. Rf2 Rxf2+ 34. Qxf2 Nxf2 35. Kxf2 0-1

[Event "Detroit (Beg/4/1)"]
[Site "?"]
[Date "1994.??.??"]
[Round "?"]
[White "Khraizat, Ali"]
[Black "Woods, O."]
[Result "1/2-1/2"]
[WhiteElo "1605"]
[BlackElo "1605"]
[PlyCount "47"]
[EventDate "1994.??.??"]

{4/(1)} 1. e4 e5 2. Bc4 Nf6 3. d3 Nc6 4. f4 exf4 5. Bxf4 Bb4+ 6. Nd2 Bxd2+ 7.
Qxd2 O-O 8. Nf3 d6 9. h3 Be6 10. Bb5 a6 11. Bxc6 bxc6 12. Bg5 h6 13. Bh4 Rb8
14. b3 Qe7 15. Nd4 Bd7 16. O-O d5 17. Bxf6 gxf6 18. Qxh6 Qe5 19. Qxf6 Qxf6 20.
Rxf6 dxe4 21. Nxc6 Rb6 22. Ne7+ Kg7 23. Rxb6 cxb6 24. d4 {[Remainder illegible;
1/2-1/2, 58?]} 1/2-1/2

[Event "Detroit (MOR/7/24)"]
[Site "?"]
[Date "1994.??.??"]
[Round "?"]
[White "Khraizat, Ali"]
[Black "Moceri, Paul"]
[Result "1-0"]
[WhiteElo "1605"]
[BlackElo "1605"]
[PlyCount "97"]
[EventDate "1994.??.??"]

{7/(24)} 1. e4 e5 2. Bc4 Nc6 3. Nf3 Nd4 4. d3 d5 5. Bxd5 Qf6 6. Be3 Bg4 7. Nbd2
O-O-O 8. h3 Bxf3 9. Nxf3 Nxf3+ 10. Qxf3 Qxf3 11. gxf3 f6 12. a4 Ne7 13. Be6+
Kb8 14. a5 Rd6 15. Bc4 a6 16. Ra3 Nc6 17. Bc5 Rd8 18. Bxf8 Rhxf8 19. c3 Ka7 20.
Ke2 g5 21. b4 Ne7 22. Rb3 b5 23. axb6+ cxb6 24. Ra1 b5 25. Bxb5 Kb6 26. Bxa6
Ra8 27. Rba3 Ra7 28. Bc4 Rfa8 29. Rxa7 Rxa7 30. Rxa7 Kxa7 31. Bd5 Ng6 32. c4
Nf4+ 33. Ke3 Nxh3 34. c5 Nf4 35. b5 h5 36. b6+ Kb8 37. Bc6 h4 38. Bd7 Kb7 39.
d4 h3 40. Bxh3 Nxh3 41. d5 Nf4 42. Kd2 Ka6 43. Kc3 Ne2+ 44. Kc4 Nd4 45. d6 Nc6
46. Kd5 Nd4 47. d7 Nc2 48. d8=Q Nb4+ 49. Kc4 1-0

[Event "Detroit (MOR/2/37)"]
[Site "?"]
[Date "1994.??.??"]
[Round "?"]
[White "Khraizat, Ali"]
[Black "Mansour, K."]
[Result "0-1"]
[WhiteElo "1605"]
[BlackElo "1605"]
[PlyCount "112"]
[EventDate "1994.??.??"]

{2/(37)} 1. e4 e5 2. Bc4 Nf6 3. d3 h6 4. Nc3 Be7 5. Nge2 O-O 6. f4 d6 7. f5 a6
8. Be3 Ng4 9. Qd2 Nxe3 10. Qxe3 b5 11. Bb3 Bg5 12. Qf2 Nc6 13. h4 Bf6 14. g4
Nd4 15. Nxd4 exd4 16. Nd5 c6 17. Nxf6+ Qxf6 18. Qh2 Qe5 19. g5 Qxh2 20. Rxh2 h5
21. g6 d5 22. gxf7+ Kxf7 23. O-O-O Kf6 24. exd5 cxd5 25. Bxd5 Ra7 26. Be4 Bb7
27. Re2 Bxe4 28. Rxe4 Rd8 29. Rf1 a5 30. Rff4 Rad7 31. Re6+ Kf7 32. Rfe4 Rb8
33. Re2 a4 34. Rg2 Rh8 35. Rb6 Rd5 36. Rgg6 Rxf5 37. Rgc6 Re8 38. b4 a3 39. c4
Re2 40. Rc7+ Kg8 41. Kd1 Rxa2 42. Ke1 Ra1+ 43. Ke2 a2 44. Ra6 Rb1 45. Rxa2 Rxb4
46. c5 Rf4 47. c6 Rxh4 48. Rxg7+ Kxg7 49. c7 Rh2+ 50. Kf3 Rxa2 51. c8=Q Ra7 52.
Qc5 Rf7+ 53. Kg3 Ra4 54. Qxb5 Raa7 55. Qe5+ Rf6 56. Qg5+ Rg6 0-1

[Event "Detroit (CAO/2/12)"]
[Site "?"]
[Date "1994.??.??"]
[Round "?"]
[White "Khraizat, Ali"]
[Black "Luckett, A."]
[Result "1-0"]
[WhiteElo "1605"]
[BlackElo "1605"]
[PlyCount "51"]
[EventDate "1994.??.??"]

{2/(12)} 1. e4 Nf6 2. e5 Nd5 3. Bc4 e6 4. Bxd5 exd5 5. f4 Bc5 6. Nf3 O-O 7. d4
Be7 8. Be3 d6 9. Nbd2 Nc6 10. c3 dxe5 11. Nxe5 Bf5 12. g4 Be4 13. Nxe4 dxe4 14.
g5 Nxe5 15. dxe5 g6 16. Qe2 c5 17. h4 h6 18. h5 gxh5 19. Qxh5 Qb6 20. Qxh6 Qxh6
21. Rxh6 Rfd8 22. Ke2 Rd5 23. Rah1 Bf8 24. Rh8+ Kg7 25. f5 Rxe5 26. R1h7# 1-0

[Event "Grand Rapids (MI Am/4/33)"]
[Site "?"]
[Date "1994.??.??"]
[Round "?"]
[White "Khraizat, Ali"]
[Black "Hayes, D."]
[Result "1-0"]
[WhiteElo "1605"]
[BlackElo "1605"]
[PlyCount "79"]
[EventDate "1994.??.??"]

{4/(33)} 1. d4 Nf6 2. c4 c5 3. d5 b5 4. b3 d6 5. f3 g6 6. Bb2 Bg7 7. e4 Nbd7 8.
cxb5 O-O 9. Bc4 a6 10. bxa6 Bxa6 11. Bxa6 Rxa6 12. Nc3 Nh5 13. Nge2 Qb6 14. Na4
Qa7 15. Bxg7 Kxg7 16. Qd2 Rb8 17. Ng3 Nhf6 18. h4 h5 19. Qg5 Kh7 20. Ne2 Ne5
21. Qe3 Qb7 22. Nb2 Rba8 23. Nc3 Qb4 24. O-O Qb7 25. Nd3 Nxd3 26. Qxd3 Qb6 27.
Qe3 Nd7 28. g4 hxg4 29. fxg4 Ne5 30. Rf2 Kg7 31. Raf1 Rf8 32. Qh3 Rh8 33. g5
Qb7 34. Qg3 Raa8 35. Ne2 Rxa2 36. Qxe5+ f6 37. gxf6+ exf6 38. Qxf6+ Kh7 39. Nf4
Rg8 40. Rxa2 1-0

[Event "Detroit (MOR/1b/6)"]
[Site "?"]
[Date "1994.??.??"]
[Round "?"]
[White "Khraizat, Ali"]
[Black "Gregory, Kevin"]
[Result "1/2-1/2"]
[WhiteElo "1605"]
[BlackElo "1745"]
[PlyCount "60"]
[EventDate "1994.??.??"]

1. e4 c5 2. Nf3 d6 3. d4 cxd4 4. Nxd4 Nf6 5. Nc3 g6 6. Bb5+ Bd7 7. Bxd7+ Nbxd7
8. O-O Bg7 9. b3 O-O 10. Bb2 Qa5 11. Re1 Rac8 12. Qd2 Rfe8 13. Rad1 a6 14. Na4
Qxd2 15. Rxd2 b5 16. Nc3 Bh6 17. Rde2 Bg7 18. Nf3 Nh5 19. Nd1 Nf4 20. Rd2 Rc7
21. Bxg7 Kxg7 22. g3 Ne6 23. Ne3 Rec8 24. c4 Nf6 25. e5 dxe5 26. Nxe5 bxc4 27.
N3xc4 Ng5 28. Rd4 Rc5 29. Kg2 Ne6 30. Rd2 Rd5 1/2-1/2

[Event "Grand Rapids (MI Am/2/35)"]
[Site "?"]
[Date "1994.??.??"]
[Round "?"]
[White "Khraizat, Ali"]
[Black "Fuson, G."]
[Result "1-0"]
[WhiteElo "1605"]
[BlackElo "1605"]
[PlyCount "45"]
[EventDate "1994.??.??"]

{2/(35)} 1. e4 e5 2. Bc4 d6 3. Qf3 Nf6 4. g4 Bxg4 5. Qg2 Nc6 6. f3 Nh5 7. Qxg4
Nf6 8. Qh4 Nd4 9. Na3 Be7 10. Qg3 Nh5 11. Qh3 Nf4 12. Qg4 O-O 13. c3 Nde6 14.
Bxe6 Nxe6 15. d3 Bf6 16. Ke2 Nc5 17. Bh6 Ne6 18. Nh3 Bg5 19. Bxg5 Nxg5 20. Qxg5
f6 21. Qg3 f5 22. Rhg1 fxe4 23. Qxg7# 1-0